000 00515nam a2200193Ia 4500
003 OSt
005 20240604161649.0
008 210210b1984 xxu||||| |||| 00| 0 eng d
040 _cAL
041 _aKannada
082 _aK894.3 MINA
100 _aMINAKSHIRAV.
_dಮೀನಾಕ್ಷಿರಾವ್
_9169249
245 _aAshirvada.
_bಆಶೀರ್ವಾದ
260 _aBengaluru
_bLila Prakashana
_c1984
300 _aiv,128
690 _aKannada Fiction
_9169250
906 _aSG02848
942 _2ddc
_cBK
999 _c113273
_d113273